000 00815nam a22002777a 4500
003 CHAP
005 20220329135756.0
008 971013s1969 us a r 00010 eng d
010 _a41875
011 _a42847
035 _a46977
040 _cCHAP
082 0 4 _a636.0896
_bM9
100 0 0 _aMyers, J. Arthur.
_979939
245 1 _aBovine tuberculosis control in man and animals
260 _aSt. Louis, Mo., :
_b(s.e.),
_c1969
300 _a403 p.
_b: ilus
590 _aBATCH-UPD
_b10
_c20130110
_lUCH01
_h1646
590 _aCONVERSION
_b10
_c20130109
_lUCH01
_h1323
650 1 4 _aGanado
_xEnfermedades.
_944909
650 1 4 _aTuberculosis en ganado.
_9115475
700 0 _aSteele, James H.
_9109573
901 _aBK
942 _cLIBRO
949 _a636.0896 M9
_bBC
_cLIBRO
_d33724000093498
_eLIBRO
_h54755
_i46977
_si
999 _c41875
_d41875